Sterndale's Mammalia of India. (Record no. 5212)
[ view plain ]
| 000 -LEADER | |
|---|---|
| fixed length control field | 00808cam a2200193 4500 |
| 001 - CONTROL NUMBER | |
| control field | 6169 |
| 005 - DATE AND TIME OF LATEST TRANSACTION | |
| control field | 20181127181101.0 |
| 010 ## - LIBRARY OF CONGRESS CONTROL NUMBER | |
| LC control number | 43019823 |
| 100 1# - MAIN ENTRY--PERSONAL NAME | |
| Personal name | Sterndale, Robert Armitage, |
| Dates associated with a name | 1839-1902. |
| 245 10 - TITLE STATEMENT | |
| Title | Sterndale's Mammalia of India. |
| 250 ## - EDITION STATEMENT | |
| Edition statement | A new and abridged ed., |
| Remainder of edition statement | thoroughly revised and with an appendix on the Reptilia by Frank Finn. |
| 260 ## - PUBLICATION, DISTRIBUTION, ETC. | |
| Place of publication, distribution, etc. | Calcutta, |
| -- | Simla : |
| Name of publisher, distributor, etc. | Thacker, Spink, |
| Date of publication, distribution, etc. | 1929. |
| 300 ## - PHYSICAL DESCRIPTION | |
| Extent | vii, 347 p. |
| Other physical details | front., illus., plates. |
| Dimensions | 19 cm. |
| 500 ## - GENERAL NOTE | |
| General note | ""Printed in Great Britain."" |
| General note | First edition, 1884, published under title: Natural history of the Mammalia of India and Ceylon. cf. Royal Empire Soc., London. Library Subj. cat. v. 4, 1937, p. 416. |
| 650 #0 - SUBJECT ADDED ENTRY--TOPICAL TERM | |
| Topical term or geographic name entry element | Mammals |
| Geographic subdivision | India. |
| 700 1# - ADDED ENTRY--PERSONAL NAME | |
| Personal name | Finn, Frank, |
| Dates associated with a name | 1868-1932. |
| Withdrawn status | Lost status | Source of classification or shelving scheme | Damaged status | Not for loan | Collection code | Home library | Current library | Shelving location | Serial Enumeration / chronology | Inventory number | Total Checkouts | Full call number | Barcode | Date last seen | Price effective from | Koha item type |
|---|---|---|---|---|---|---|---|---|---|---|---|---|---|---|---|---|
| Dewey Decimal Classification | Main TEST | RTC Library | RTC Library | Main opac | 9840 | 599.095 STE | 30009985 | 27/11/2018 | 27/11/2018 | Main |